Naruto: Groups of things - Statistics

General Stats
  • This quiz has been taken 76 times
  • The average score is 76 of 125
Answer Stats
Hint Answer % Correct
Sasuke Uchiha
97%
Shima
97%
Raikage> A
95%
Konoha 12> | Uzumaki Clan> Naruto Uzumaki
95%
Hinata Hyuga
94%
Ino Yamanaka
94%
Choji Akimichi
92%
Kiba Inuzuka
92%
Rock Lee
92%
Sakura Haruno
92%
Shikamaru Nara
92%
Tsunade
92%
Itachi Uchiha
91%
Kakashi Hatake
91%
Minato Namikaze
91%
Neji Hyuga
91%
Obito Uchiha
91%
Orochimaru
91%
Shino Aburame
89%
LegendarySannin> Jiraiya
88%
Tenten
88%
Hokage> Hashirama Senju
86%
Great Villages> Leaf
86%
Tobirama Senju
86%
Gaara
84%
Hiruzen Sarutobi
84%
Kurama
83%
(Ninja dog) Akamaru
81%
Kisame Hoshigaki
81%
Nagato/Pain
81%
Nagato Uzumaki
81%
Sasori
81%
Deidara
80%
Madara Uchiha
80%
Sand
80%
Kakuzu
75%
Zetsu
75%
Fukasaku
73%
Hidan
73%
Kaguya
72%
Killer B
72%
Konan
72%
Kushina Uzumaki
70%
Shisui Uchiha
70%
Cloud
64%
Mist
64%
Fu
63%
Son Goku
63%
Uchiha Clan> Indra
59%
Tailed Beasts> Shukaku
59%
Asura
58%
Fugaku Uchiha
58%
Hagoromo
58%
Mei Terumi
56%
Mito Uzumaki
56%
Stone
56%
Akatsuki> Yahiko
56%
Han
53%
Gama
52%
Rin Nohara
52%
Gamabunta
50%
Mu
47%
Onoki
47%
Darui
44%
Gamakichi
44%
Karin Uzumaki
44%
Matatabi
44%
Hanabi Hyuga
42%
Momoshiki
42%
Yagura Karatachi
42%
Blue B
41%
Hyuga Clan> Hiashi Hyuga
41%
Hizashi Hyuga
41%
Gyuki
39%
Hamura
38%
Izuna Uchiha
38%
Utakata
38%
Rasa
36%
Chomei
33%
Gamatatsu
33%
Mikoto Uchiha
33%
Roshi
33%
Chojuro
31%
Isobu
31%
Saiken
30%
Kokuo
28%
Kurotsuchi
27%
Isshiki
25%
Gengetsu Hozuki
23%
Gamaken
22%
Toneri
22%
Yugito Nii
20%
Izumi Uchiha
19%
Kinshiki
19%
Otsutsuki Clan> Shibai
14%
Urashiki
14%
Mount MyobokuToads> Gamamaru
13%
Kagami Uchiha
13%
Mizukage> Byakuren
11%
Gamahiro
9%
Tsuchikage> Ishikawa
9%
Shamon
9%
Kazekage> Reto
8%
Bunpuku
6%
Tajima Uchiha
5%
No matching quizzes found
Score Distribution
Percent of People with Each Score
Percentile by Number Answered
Your Score History
You have not taken this quiz